000 00439nam a2200181Ia 4500
001 21451
005 20260306172920.0
008 260306t2018||||xx |||||||||||||| ||spa||
041 _aESP
082 _a345
_bN55I
100 _aNieva Fenoll, Jordi,
_eAUT
245 0 _aInteligencia artificial y proceso judicial
260 _c2018
300 _a166 páginas :
_c24 cm.
650 _aGEN
654 _aCDE
942 _cLIB
_dJUS
_fJUS
_2ddc
_n
999 _c21451
_d21451